| 000 | 01695nam0a2200385 4500 | ||
|---|---|---|---|
| 001 | RU\NLR\bibl\364636 | ||
| 005 | 20250621161629.0 | ||
| 010 |
_a5-699-00420-3 _95000 |
||
| 021 |
_aRU _b2002-46648 _92258 |
||
| 035 | _a(NLR Aleph) 000359214 | ||
| 090 |
_a324947 _c324947 |
||
| 100 | _a20021203d2002 |||y0rusy50 ca | ||
| 101 | 0 | _arus | |
| 102 | _aRU | ||
| 105 | _aa ||||||||| | ||
| 200 | 1 |
_aЕсли ребенок боится идти в школу _eСоветы специалиста _fА. Луговская |
|
| 210 |
_aМ. _cЭКСМО _d2002 |
||
| 215 |
_a59 с. _cил. _d18 |
||
| 225 | 1 | _aПопулярная психология для родителей | |
| 606 | 0 |
_aШкольники _jПопулярная литература _xАдаптация психологическая _92154484 _3RU\NLR\auth\661297153 |
|
| 606 | 0 |
_aШкольники _jПопулярные издания _xАдаптация психологическая _92154484 _3RU\NLR\auth\661297153 |
|
| 610 | 0 | _aШкола начальная - Адаптация детей - Психологические основы | |
| 610 | 0 | _aВоспитание в семье - Психологические основы | |
| 610 | 0 | _aДети дошкольного возраста - Подготовка к школе - Психологические основы | |
| 675 |
_a159.922.7 _v3 _zrus |
||
| 686 |
_a15 _2rugasnti |
||
| 686 |
_a88.8 _2rubbk |
||
| 686 | _aЮ983.402.1я9 | ||
| 700 | 1 |
_aЛуговская _bА. _gАлевтина _4070 |
|
| 801 | 0 |
_aRU _bRKP _c20021203 _gPSBO |
|
| 801 | 1 |
_aRU _bRKP _c20021203 |
|
| 801 | 2 |
_aRU _bNLR _c20030221 _grcr |
|
| 942 | _cBOOK | ||
| 980 | _aNB | ||